Optimálna organizačná štruktúra - základ efektívneho fungovania podnikateľských jednotiek

Salvato in:
Dettagli Bibliografici
Autore principale: Gallík, Ján
Altri autori: Mihalčová, Bohuslava, 1963-
Natura: Capitolo di libro
Lingua:slovacco
Tags: Aggiungi Tag
Nessun Tag, puoi essere il primo ad aggiungerne!!

MARC

LEADER 00000naa$a2200000$$$4500
001 0205435
005 20240502073425.2
041 0 |a slo 
044 |a SK 
245 1 0 |a Optimálna organizačná štruktúra - základ efektívneho fungovania podnikateľských jednotiek  |c Ján Gallík, Bohuslava Mihalčová 
100 1 |a Gallík, Ján 
700 1 |a Mihalčová, Bohuslava, 1963-